Song Lyrics Till Lindemann - Ich hasse Kinder - Statistics

General Stats
  • This quiz has been taken 18 times
  • The average score is 162 of 230
Answer Stats
Answer % Correct
Ich
100%
ich
100%
ein
89%
Ein
89%
Flugzeug
89%
hasse
89%
in
89%
Kind,
89%
Kinder
89%
Kinder,
89%
liebe
89%
Nein,
89%
sie
89%
wie
89%
Alle
78%
bin
78%
Da
78%
Doch
78%
Es
78%
es
78%
groß
78%
kalt,
78%
kann
78%
"Kann
78%
klein
78%
Kleinen
78%
man
78%
meine
78%
muss
78%
Mutter
78%
neben
78%
sein
78%
sollten
78%
steige
78%
und
78%
Und
78%
Apfel
67%
blättert
67%
"Darf
67%
die
67%
Die
67%
hassen?"
67%
hör
67%
isst
67%
Ja,
67%
kenne
67%
Magazin
67%
mir
67%
müssen
67%
schläft
67%
schlagen?"
67%
Sitzplatznummer
67%
Stein
67%
Vater
67%
aller
56%
an,
56%
an
56%
Angst
56%
aus
56%
das
56%
dem
56%
der
56%
Der
56%
einen
56%
Frage
56%
Fragen
56%
Geschreie
56%
Gott
56%
großen
56%
Großen
56%
Hand
56%
her
56%
Herr
56%
hier
56%
Hier
56%
hin
56%
Immer
56%
Klassen
56%
Kleinkind
56%
Kummer
56%
lauter
56%
mich
56%
nach
56%
nicht
56%
Panik
56%
reitet
56%
schlafen
56%
schreien
56%
sitzt
56%
strafen
56%
überhaupt
56%
wieder
56%
will
56%
wird
56%
zu
56%
auf
44%
dabei
44%
fängt
44%
ganz
44%
Gewissheit
44%
gleich
44%
Hört
44%
jetzt
44%
kommt
44%
längst
44%
liest
44%
näher
44%
Nervensäge
44%
nun
44%
plötzlich
44%
Schreihals
44%
Spricht
44%
still
44%
Streck
44%
stumm
44%
turnt
44%
verzückt
44%
während
44%
weicht
44%
zum
44%
Klagereihe
33%
lacht
33%
No matching quizzes found
Score Distribution
Percent of People with Each Score
Percentile by Number Answered
Your Score History
You have not taken this quiz